Multiple Choice City Quiz – San Francisco - Statistics

General Stats
  • This quiz has been taken 15,216 times
    15,194 since last reset
  • The average score is 8 of 10
Answer Stats
Question Answer % Correct
What former prison can be found on an island in San Francisco Bay? Alcatraz
97%
What nearby "valley" is home to Stanford University and many tech companies? Silicon Valley
93%
What color is the Golden Gate Bridge painted? International orange
91%
What fault line near San Francisco caused major earthquakes in 1906 and 1989? San Andreas
91%
What weather phenomenon is San Francisco known for? Fog
82%
What animal would you be most likely to spot at Pier 39? Sea lions
75%
What San Francisco based politician was assassinated in the city? Harvey Milk
71%
What is known as the "the crookedest street in the world" for its steep, hairpin turns? Lombard Street
68%
Which of these movies was NOT set in San Francisco? Die Hard
66%
What area of the city was the center of hippie culture during the "Summer of Love" in 1967? Haight-Ashbury
54%
No matching quizzes found
Score Distribution
Percent of People with Each Score
Percentile by Number Answered
Your Score History
You have not taken this quiz since the last reset